000 00436nam a2200181Ia 4500
008 170918s9999 xx 000 0 und d
020 _a440415810
050 _bG456ma 2003
100 _aGiff, Patricia Reilly
245 _aMaggie's door /
245 _cby Patricia Reilly Giff.
260 _aNew York :
260 _bYearling Book,
260 _c2003
300 _a204 pages :
300 _billustrations ;
300 _c19cm.
999 _c343915
_d343915